[Event "1st Bristol NY Open Tournament"]
[Site "Bristol Bridge & Clifton Chess"]
[Date "2024.12.29"]
[Round "5.19"]
[White "Soleimani, Avina"]
[Black "Griffiths, Hayden"]
[Result "0-1"]
[WhiteElo "1508"]
[BlackElo "1767"]
[PlyCount "152"]
[GameId "2138255546683816"]
[EventDate "2024.12.27"]
[SourceTitle "Bristol_NY24_Fide_Open"]
[Source "David Tipper"]
[SourceDate "2025.02.16"]
[SourceVersion "1"]
[SourceVersionDate "2025.02.16"]
[SourceQuality "2"]

1. c4 e5 2. g3 Nf6 3. Bg2 c6 4. d3 d5 5. cxd5 cxd5 6. Nf3 Nc6 7. O-O Bd6 8. Re1 h6 9. e4 d4 10. a4 Be6 11. Nbd2 O-O 12. Nc4 Rc8 13. Bd2 Bxc4 14. dxc4 Qd7 15. Rc1 a5 16. c5 Bb8 17. Qb3 Ba7 18. Qb5 Qc7 19. Bh3 Rcd8 20. b4 axb4 21. Bxb4 Nxb4 22. Qxb4 Nd7 23. Bxd7 Rxd7 24. Qb5 Re8 25. c6 bxc6 26. Rxc6 Qb7 27. Qxb7 Rxb7 28. Rec1 Ree7 29. Rd6 f6 30. Nh4 Kf7 31. Nf5 Red7 32. Rdc6 Bb8 33. a5 Rbc7 34. Nd6+ Kf8 35. Rxc7 Bxc7 36. Nc4 Ke7 37. a6 Rd8 38. Rb1 Ra8 39. Rb7 Kd8 40. Kf1 Rxa6 41. Ke2 Ra2+ 42. Rb2 Rxb2+ 43. Nxb2 Kd7 44. h3 Ke6 45. Kd3 g6 46. Nc4 f5 47. f3 h5 48. Nd2 Ba5 49. Nf1 Kd6 50. f4 exf4 51. gxf4 fxe4+ 52. Kxe4 Kc5 53. Ng3 Kc4 54. Nf1 Be1 55. Ke5 Bh4 56. Ke4 Kc3 57. Kf3 d3 58. Ke3 g5 59. f5 g4 60. hxg4 hxg4 61. Kf4 g3 62. Ne3 d2 63. Kg4 g2 64. Nxg2 d1=Q+ 65. Kxh4 Qf3 66. Kg5 Qxg2+ 67. Kf6 Qb7 68. Ke6 Qg7 69. f6 Qf8 70. Kf5 Kd4 71. Kg6 Ke5 72. f7 Ke6 73. Kg5 Qxf7 74. Kg4 Qf5+ 75. Kg3 Ke5 76. Kg2 Qf4 0-1

[Event "1st Bristol NY Open Tournament"]
[Site "Bristol Bridge & Clifton Chess"]
[Date "2024.12.29"]
[Round "5.20"]
[White "Williams, Stephen"]
[Black "Krautsova, Diana"]
[Result "1-0"]
[WhiteElo "1682"]
[BlackElo "1586"]
[PlyCount "51"]
[GameId "2138255546683817"]
[EventDate "2024.12.27"]
[SourceTitle "Bristol_NY24_Fide_Open"]
[Source "David Tipper"]
[SourceDate "2025.02.16"]
[SourceVersion "1"]
[SourceVersionDate "2025.02.16"]
[SourceQuality "2"]

1. e4 e6 2. d4 d5 3. Bd3 Nf6 4. e5 Nfd7 5. Ne2 c5 6. c3 Nc6 7. a3 a5 8. O-O a4 9. Be3 c4 10. Bc2 b5 11. f4 Be7 12. Ng3 g6 13. Nd2 Nf8 14. Nf3 Bd7 15. Ng5 h6 16. Nh3 Qc7 17. Qf3 O-O-O 18. f5 exf5 19. Qxd5 Be8 20. Qf3 Nb8 21. Nf4 Qc6 22. Qxc6+ Bxc6 23. Rad1 Nfd7 24. d5 Bb7 25. e6 g5 26. Nxf5 1-0

[Event "1st Bristol NY Open Tournament"]
[Site "Bristol Bridge & Clifton Chess"]
[Date "2024.12.29"]
[Round "5.21"]
[White "Murdoch, Stephen"]
[Black "Taylor, Noah"]
[Result "1-0"]
[WhiteElo "1653"]
[BlackElo "1498"]
[PlyCount "97"]
[GameId "2138255546683818"]
[EventDate "2024.12.27"]
[SourceTitle "Bristol_NY24_Fide_Open"]
[Source "David Tipper"]
[SourceDate "2025.02.16"]
[SourceVersion "1"]
[SourceVersionDate "2025.02.16"]
[SourceQuality "2"]

1. c4 e5 2. Nc3 Nf6 3. g3 d5 4. cxd5 Nxd5 5. Bg2 Nxc3 6. bxc3 Nc6 7. e3 Be6 8. Qa4 Bd5 9. e4 Be6 10. Nf3 f6 11. O-O Qd7 12. d4 exd4 13. cxd4 Bh3 14. Bxh3 Qxh3 15. d5 a6 16. dxc6 b5 17. Qb3 Bc5 18. Be3 Bd6 19. Nd4 g6 20. Rad1 Ke7 21. Ne2 Qe6 22. Qxe6+ Kxe6 23. Nf4+ Ke7 24. Rd5 g5 25. Nd3 Rad8 26. Nc5 Bxc5 27. Bxc5+ Ke6 28. Rfd1 Rxd5 29. Rxd5 Rc8 30. Rd7 f5 31. Re7+ Kf6 32. e5+ Kg6 33. Re6+ Kh5 34. h3 Rd8 35. Re7 Rd1+ 36. Kg2 Rc1 37. Be3 Rxc6 38. Rxh7+ Kg6 39. Rd7 Rc2 40. e6 Rc6 41. e7 Kf7 42. Bxg5 a5 43. Rd8 Re6 44. Rf8+ Kg6 45. Rf6+ Rxf6 46. Bxf6 Kf7 47. h4 c5 48. h5 c4 49. h6 1-0

[Event "1st Bristol NY Open Tournament"]
[Site "Bristol Bridge & Clifton Chess"]
[Date "2024.12.29"]
[Round "5.23"]
[White "Hinde, Stephen"]
[Black "George, Naveen Daniel"]
[Result "0-1"]
[WhiteElo "1186"]
[BlackElo "1483"]
[PlyCount "52"]
[GameId "2138255546683820"]
[EventDate "2024.12.27"]
[SourceTitle "Bristol_NY24_Fide_Open"]
[Source "David Tipper"]
[SourceDate "2025.02.16"]
[SourceVersion "1"]
[SourceVersionDate "2025.02.16"]
[SourceQuality "2"]

1. e4 c5 2. Nf3 d6 3. d4 cxd4 4. Nxd4 Nf6 5. Nc3 a6 6. Bc4 e6 7. Bg5 Be7 8. Qd2 O-O 9. f3 b5 10. Bd3 Bb7 11. O-O-O Nbd7 12. h4 Nc5 13. h5 Nxd3+ 14. Qxd3 Rc8 15. Rde1 b4 16. Nce2 Qa5 17. Kb1 Qxg5 18. g4 Qa5 19. Reg1 d5 20. g5 dxe4 21. Qe3 Nd5 22. Qb3 exf3 23. Nxf3 Nc3+ 24. Nxc3 Bxf3 25. Rh3 bxc3 26. bxc3 Rb8 0-1

[Event "1st Bristol NY Open Tournament"]
[Site "Bristol Bridge & Clifton Chess"]
[Date "2024.12.29"]
[Round "5.25"]
[White "Sun, Lydia"]
[Black "Fearnhead, Joseph T"]
[Result "1-0"]
[WhiteElo "1268"]
[BlackElo "1579"]
[PlyCount "119"]
[GameId "2138255546683822"]
[EventDate "2024.12.27"]
[SourceTitle "Bristol_NY24_Fide_Open"]
[Source "David Tipper"]
[SourceDate "2025.02.16"]
[SourceVersion "1"]
[SourceVersionDate "2025.02.16"]
[SourceQuality "2"]

1. e4 c6 2. Nf3 d5 3. Nc3 dxe4 4. Nxe4 Nf6 5. Qe2 Nxe4 6. Qxe4 Be6 7. d4 Bd5 8. Qe3 Bxf3 9. gxf3 g6 10. Qe5 Rg8 11. Be3 Bg7 12. Qe4 Nd7 13. O-O-O Nf6 14. Qd3 Qd5 15. h4 Qxa2 16. Bh3 Nd5 17. Kd2 Qa5+ 18. c3 Qc7 19. Rc1 Nf4 20. Bxf4 Qxf4+ 21. Qe3 Bh6 22. Ke2 e6 23. Bg4 O-O-O 24. h5 Qxe3+ 25. fxe3 g5 26. e4 Kb8 27. e5 Rde8 28. Rce1 Kc7 29. Kd3 Rd8 30. Kc4 b5+ 31. Kb4 Kb6 32. Ra1 Bf8+ 33. Kb3 h6 34. Rhf1 Be7 35. f4 gxf4 36. Rxf4 Rgf8 37. Raf1 Rfe8 38. Rxf7 Bg5 39. Rh7 Rf8 40. Rxf8 Rxf8 41. Bxe6 Re8 42. Bd7 Re7 43. Rxe7 Bxe7 44. Kc2 Kc7 45. e6 Kb6 46. Kd3 a5 47. Ke4 c5 48. d5 c4 49. Kf5 b4 50. Kg6 bxc3 51. bxc3 Kc5 52. Kf7 Kd6 53. Bc6 Bg5 54. Kg6 a4 55. Bxa4 Kxd5 56. Kf7 Kd6 57. Bb5 Be7 58. Bxc4 Bg5 59. Bb5 Be7 60. c4 1-0

[Event "1st Bristol NY Open Tournament"]
[Site "Bristol Bridge & Clifton Chess"]
[Date "2024.12.29"]
[Round "5.26"]
[White "Hu, Hector"]
[Black "Farms, Edward"]
[Result "1/2-1/2"]
[WhiteElo "1405"]
[BlackElo "1549"]
[PlyCount "141"]
[GameId "2138255546683823"]
[EventDate "2024.12.27"]
[SourceTitle "Bristol_NY24_Fide_Open"]
[Source "David Tipper"]
[SourceDate "2025.02.16"]
[SourceVersion "1"]
[SourceVersionDate "2025.02.16"]
[SourceQuality "2"]

1. d4 Nf6 2. Nf3 c5 3. d5 d6 4. Bf4 e5 5. dxe6 Bxe6 6. e3 Nc6 7. Bb5 Be7 8. O-O O-O 9. Bxc6 bxc6 10. Nbd2 Nd5 11. Bg3 h5 12. h3 h4 13. Bh2 Rb8 14. c4 Nb6 15. Qc2 Qc8 16. Qe4 d5 17. Qc2 Rb7 18. cxd5 cxd5 19. Rac1 Rd8 20. Rfd1 Nd7 21. Nb3 g6 22. Ne5 Bf5 23. Qd2 Nxe5 24. Bxe5 Qe6 25. Bh2 Qb6 26. Qa5 Be6 27. Qxb6 axb6 28. Nd2 Bf6 29. b3 Ra8 30. a4 b5 31. Rxc5 bxa4 32. bxa4 Rxa4 33. Nf3 Ra2 34. Ne5 Rbb2 35. Nd3 Re2 36. Rf1 Red2 37. Nf4 Be5 38. Nxe6 Bxh2+ 39. Kxh2 fxe6 40. Kg1 Kf7 41. Rc7+ Kf6 42. Rh7 g5 43. Rh6+ Ke5 44. Rh5 Kf5 45. Rh8 Kf6 46. Rf8+ Ke7 47. Rf3 Kd6 48. g3 Ke5 49. gxh4 gxh4 50. Rf4 d4 51. Rxd4 Rxd4 52. exd4+ Kxd4 53. Re1 e5 54. Re3 Ra1+ 55. Kg2 e4 56. Rb3 Rc1 57. Rb4+ Kd3 58. Rb3+ Kc4 59. Re3 Kd4 60. Rb3 Rc2 61. Rb4+ Ke5 62. Rb5+ Kf4 63. Rb4 Rc3 64. Ra4 Rd3 65. Rb4 Ke5 66. Rb5+ Rd5 67. Rb4 Kf4 68. Ra4 Rg5+ 69. Kf1 Rd5 70. Kg2 Rd3 71. Rc4 1/2-1/2

[Event "1st Bristol NY Open Tournament"]
[Site "Bristol Bridge & Clifton Chess"]
[Date "2024.12.29"]
[Round "5.27"]
[White "Jennings, Michael"]
[Black "Burton, Henry"]
[Result "1-0"]
[WhiteElo "1441"]
[BlackElo "1194"]
[PlyCount "125"]
[GameId "2138255546683824"]
[EventDate "2024.12.27"]
[SourceTitle "Bristol_NY24_Fide_Open"]
[Source "David Tipper"]
[SourceDate "2025.02.16"]
[SourceVersion "1"]
[SourceVersionDate "2025.02.16"]
[SourceQuality "2"]

1. e4 e5 2. Nf3 Nc6 3. Bb5 Nf6 4. O-O a6 5. Ba4 b5 6. Bb3 h6 7. Re1 Bc5 8. c3 d6 9. d4 Bb6 10. h3 O-O 11. Bc2 d5 12. exd5 Qxd5 13. dxe5 Qxd1 14. Rxd1 Nd7 15. Be4 Ndb8 16. Bf4 Be6 17. Na3 Ra7 18. Nd4 Nxd4 19. cxd4 f5 20. exf6 Rxf6 21. Be3 Nd7 22. d5 Bxe3 23. fxe3 Bf5 24. Bxf5 Rxf5 25. e4 Re5 26. Rd4 c5 27. dxc6 Nc5 28. Rd5 Rxd5 29. exd5 b4 30. Nc2 b3 31. axb3 Nxb3 32. Rd1 Kf7 33. d6 Ke8 34. d7+ Kd8 35. Re1 Rxd7 36. cxd7 Kxd7 37. Rd1+ Kc6 38. Nd4+ Nxd4 39. Rxd4 Kc5 40. Rd7 a5 41. Rxg7 Kb4 42. Rg3 h5 43. Rf3 h4 44. Kf2 a4 45. Ke2 Kc4 46. Kd2 Kb4 47. Kc2 Kc4 48. Rf4+ Kb5 49. Kc3 Ka5 50. Rf5+ Kb6 51. Kb4 Ka6 52. Rf6+ Kb7 53. Kc5 Ka7 54. Kb5 Kb7 55. Rf7+ Kc8 56. Kc6 Kd8 57. Ra7 a3 58. bxa3 Ke8 59. Kd6 Kf8 60. Ke6 Kg8 61. Kf6 Kh8 62. Kg6 Kg8 63. Ra8# 1-0

[Event "1st Bristol NY Open Tournament"]
[Site "Bristol Bridge & Clifton Chess"]
[Date "2024.12.30"]
[Round "6.1"]
[White "Hill, Andy"]
[Black "Ashworth, Michael J"]
[Result "1-0"]
[WhiteElo "1965"]
[BlackElo "2011"]
[PlyCount "119"]
[GameId "2138255546683825"]
[EventDate "2024.12.27"]
[SourceTitle "Bristol_NY24_Fide_Open"]
[Source "David Tipper"]
[SourceDate "2025.02.16"]
[SourceVersion "1"]
[SourceVersionDate "2025.02.16"]
[SourceQuality "2"]

{[%evp 0,119,17,16,30,52,28,30,13,20,60,35,27,33,36,43,47,15,82,12,17,-45,16,-10,31,-28,39,34,55,19,44,73,44,61,44,52,60,52,109,112,96,51,116,60,279,142,103,34,231,249,175,201,144,149,211,146,240,221,207,215,201,191,285,214,97,199,268,161,177,189,185,221,80,188,186,191,179,138,84,156,149,250,139,300,336,315,325,364,369,375,367,328,330,327,338,217,433,434,427,429,430,387,435,262,429,507,507,527,527,537,547,597,557,557,567,547,557,557,962,1439,1459,1877]} 1. Nf3 g6 2. c4 Bg7 3. d4 d6 4. Nc3 Nd7 5. g3 e5 6. Bg2 Ngf6 7. O-O O-O 8. e3 Re8 9. Qc2 c6 10. b3 Qc7 11. Ba3 exd4 12. Nxd4 Nc5 13. h3 a5 14. Rfd1 Nfd7 15. Rd2 Nb6 16. Rad1 a4 17. Bb2 axb3 18. axb3 Na6 19. Nde2 Nb4 20. Qc1 Nd7 21. Ne4 Rxe4 22. Bxe4 Nc5 23. Bc2 Bxh3 24. Bxg7 Kxg7 25. Qb2+ Kg8 26. Rxd6 Nd5 27. b4 Na6 28. c5 Naxb4 29. Bb3 Qe7 30. Qd4 Ra3 31. Ra1 Rxa1+ 32. Qxa1 Nxe3 33. Qd4 Ned5 34. Nf4 Bf5 35. Nxd5 Nxd5 36. Bxd5 cxd5 37. Rxd5 f6 38. Rd8+ Kg7 39. Rd6 Qe1+ 40. Kh2 Qe7 41. g4 Bc8 42. g5 Qe5+ 43. Qxe5 fxe5 44. Rd8 Be6 {Qe1+} 45. Kg3 Kf7 46. Kf3 Ke7 47. Rh8 Kd7 48. Ke4 Kc6 49. Kxe5 Bf5 50. Rxh7 Kxc5 51. Rxb7 Kc6 52. Rf7 Bd3 53. f4 Kc5 54. f5 gxf5 55. Rxf5 Kc6 56. Rf7 Bb1 57. Kf6 Kd5 58. g6 Bc2 59. g7 Bh7 60. Rf8 1-0

[Event "1st Bristol NY Open Tournament"]
[Site "Bristol Bridge & Clifton Chess"]
[Date "2024.12.30"]
[Round "6.2"]
[White "Stubbs, Oliver"]
[Black "Arkell, Keith C"]
[Result "1/2-1/2"]
[WhiteElo "2173"]
[BlackElo "2355"]
[PlyCount "116"]
[GameId "2138255546687922"]
[EventDate "2024.12.27"]
[SourceTitle "Bristol_NY24_Fide_Open"]
[Source "David Tipper"]
[SourceDate "2025.02.16"]
[SourceVersion "1"]
[SourceVersionDate "2025.02.16"]
[SourceQuality "2"]

1. d4 c5 2. d5 e5 3. e4 d6 4. a4 Be7 5. Nd2 Nf6 6. Bd3 O-O 7. Ne2 Na6 8. O-O Nh5 9. Nc4 Nb4 10. f4 Nxd3 11. Qxd3 exf4 12. Nxf4 Nf6 13. Bd2 Ng4 14. Bc3 Bf6 15. h3 Ne5 16. Nxe5 Bxe5 17. Bxe5 dxe5 18. Ne2 Bd7 19. Nc3 Qb6 20. Kh1 Rac8 21. Nd1 c4 22. Qc3 Qd4 23. Qxd4 exd4 24. Nf2 Rfe8 25. Rfd1 d3 26. cxd3 cxd3 27. b4 b6 28. Rxd3 f5 29. exf5 Bxf5 30. Rd2 Kf7 31. Ra3 Ke7 32. g4 Bg6 33. Kg2 Kd6 34. Kf3 Rc2 35. Rxc2 Bxc2 36. a5 Kxd5 37. Rc3 Bg6 38. h4 Re7 39. Kf4 Kd4 40. Rc6 Rf7+ 41. Kg3 Kd5 42. Rc8 bxa5 43. bxa5 Rb7 44. h5 Bf7 45. Nh3 h6 46. Nf4+ Kd6 47. Kh4 Rb4 48. Kg3 Ra4 49. Rb8 Ra3+ 50. Kh4 Rc3 51. Rd8+ Ke7 52. Nd5+ Kxd8 53. Nxc3 Kd7 54. Nb5 Bc4 55. Nd4 Bd3 56. Kg3 g6 57. hxg6 Bxg6 58. Kf4 h5 1/2-1/2

[Event "1st Bristol NY Open Tournament"]
[Site "Bristol Bridge & Clifton Chess"]
[Date "2024.12.30"]
[Round "6.3"]
[White "Chua, Sebastien"]
[Black "Varley, Joe"]
[Result "1-0"]
[WhiteElo "2003"]
[BlackElo "1927"]
[PlyCount "71"]
[GameId "2138255546687923"]
[EventDate "2024.12.27"]
[SourceTitle "Bristol_NY24_Fide_Open"]
[Source "David Tipper"]
[SourceDate "2025.02.16"]
[SourceVersion "1"]
[SourceVersionDate "2025.02.16"]
[SourceQuality "2"]

1. e4 c5 2. Nf3 Nc6 3. Bb5 Nf6 4. Bxc6 dxc6 5. d3 g6 6. b3 Bg7 7. Bb2 O-O 8. h3 h6 9. Nc3 Nh5 10. Qd2 e5 11. Ne2 Re8 12. g4 Nf6 13. Ng3 Nh7 14. O-O-O a5 15. Rdg1 a4 16. Nf5 gxf5 17. gxf5 Qf6 18. Nxe5 Bxf5 19. Nc4 Qxb2+ 20. Nxb2 Bg6 21. bxa4 c4 22. Qb4 b5 23. f4 c3 24. Nd1 Rxa4 25. Qb3 Kh8 26. Nxc3 Ra6 27. h4 Rea8 28. h5 Ra3 29. Qxa3 Rxa3 30. Nb1 Rxa2 31. hxg6 fxg6 32. Rxg6 Nf6 33. f5 Kh7 34. Rhg1 Nh5 35. Rxc6 Nf4 36. Kd2 1-0

[Event "1st Bristol NY Open Tournament"]
[Site "Bristol Bridge & Clifton Chess"]
[Date "2024.12.30"]
[Round "6.4"]
[White "Dilleigh, Stephen P"]
[Black "Kett, Tim"]
[Result "0-1"]
[WhiteElo "2040"]
[BlackElo "2114"]
[PlyCount "76"]
[GameId "2138255546687924"]
[EventDate "2024.12.27"]
[SourceTitle "Bristol_NY24_Fide_Open"]
[Source "David Tipper"]
[SourceDate "2025.02.16"]
[SourceVersion "1"]
[SourceVersionDate "2025.02.16"]
[SourceQuality "2"]

1. Nf3 d5 2. d4 Nf6 3. c4 c6 4. e3 e6 5. Nc3 Nbd7 6. Qc2 Bd6 7. Bd3 dxc4 8. Bxc4 b5 9. Be2 Bb7 10. O-O a6 11. e4 c5 12. e5 cxd4 13. exd6 dxc3 14. Qxc3 O-O 15. b3 Nd5 16. Qd4 Qf6 17. Bg5 Qxd4 18. Nxd4 N7f6 19. Bf3 Rfd8 20. Bxf6 gxf6 21. b4 Rxd6 22. Nb3 Rad8 23. a3 Ba8 24. Nc5 f5 25. Rfd1 e5 26. Bxd5 Bxd5 27. f3 Kg7 28. Kf2 Bc4 29. Ke1 e4 30. fxe4 fxe4 31. Nb7 Rxd1+ 32. Rxd1 Rxd1+ 33. Kxd1 e3 34. Nc5 Kf6 35. Nxa6 Ke5 36. Nc5 Kd4 37. a4 bxa4 38. Nxa4 Bb3+ 0-1

[Event "1st Bristol NY Open Tournament"]
[Site "Bristol Bridge & Clifton Chess"]
[Date "2024.12.30"]
[Round "6.5"]
[White "Beaumont, Chris R"]
[Black "Bergsson, Stefan"]
[Result "1/2-1/2"]
[WhiteElo "2161"]
[BlackElo "2164"]
[PlyCount "44"]
[GameId "2138255546687925"]
[EventDate "2024.12.27"]
[SourceTitle "Bristol_NY24_Fide_Open"]
[Source "David Tipper"]
[SourceDate "2025.02.16"]
[SourceVersion "1"]
[SourceVersionDate "2025.02.16"]
[SourceQuality "2"]

1. d4 Nf6 2. Nf3 g6 3. c4 Bg7 4. Nc3 O-O 5. e4 d6 6. Be2 e5 7. O-O Nc6 8. d5 Ne7 9. b4 a5 10. bxa5 c5 11. a4 Nh5 12. Re1 Nf4 13. Bf1 f5 14. Bxf4 fxe4 15. Bxe5 exf3 16. Bxg7 Kxg7 17. g3 Rxa5 18. Re3 Bg4 19. h3 Bd7 20. Rxf3 Rxf3 21. Qxf3 Nf5 22. Rb1 b6 1/2-1/2

[Event "1st Bristol NY Open Tournament"]
[Site "Bristol Bridge & Clifton Chess"]
[Date "2024.12.30"]
[Round "6.6"]
[White "Shepherd, Tom"]
[Black "Hill, Alistair"]
[Result "1/2-1/2"]
[WhiteElo "1900"]
[BlackElo "2107"]
[PlyCount "97"]
[GameId "2138255546687926"]
[EventDate "2024.12.27"]
[SourceTitle "Bristol_NY24_Fide_Open"]
[Source "David Tipper"]
[SourceDate "2025.02.16"]
[SourceVersion "1"]
[SourceVersionDate "2025.02.16"]
[SourceQuality "2"]

1. d4 Nf6 2. Nf3 g6 3. Nbd2 d5 4. b4 Bg7 5. Bb2 O-O 6. e3 Bf5 7. c4 c6 8. a4 Ne4 9. Be2 Nxd2 10. Qxd2 Nd7 11. O-O Bg4 12. cxd5 cxd5 13. a5 Nf6 14. Rfc1 Ne4 15. Qe1 Nd6 16. h3 Bxf3 17. Bxf3 Nc4 18. Rxc4 dxc4 19. Bxb7 Rb8 20. a6 Qb6 21. Qc3 Rfd8 22. Qxc4 e6 23. Bc3 Bf8 24. b5 Rxb7 25. axb7 Qxb7 26. Ra6 Rb8 27. Kf1 h5 28. Qc6 Qxb5+ 29. Qxb5 Rxb5 30. Rxa7 Bb4 31. Ra8+ Kh7 32. Bxb4 Rxb4 33. Ra7 Kg7 34. Ke2 Rb2+ 35. Kf3 Rd2 36. Rd7 Kf8 37. Ra7 Kg7 38. Ra4 Kf6 39. Rb4 Ke7 40. e4 Rd3+ 41. Ke2 Ra3 42. Rb7+ Ke8 43. f3 Kf8 44. Rb2 Ke7 45. Rd2 Kd6 46. Kf2 h4 47. Rb2 Ke7 48. e5 Rd3 49. Rb4 1/2-1/2

[Event "1st Bristol NY Open Tournament"]
[Site "Bristol Bridge & Clifton Chess"]
[Date "2024.12.30"]
[Round "6.7"]
[White "Miller, George I"]
[Black "Bicknell, Carl"]
[Result "0-1"]
[WhiteElo "1881"]
[BlackElo "2101"]
[PlyCount "76"]
[GameId "2138255546687927"]
[EventDate "2024.12.27"]
[SourceTitle "Bristol_NY24_Fide_Open"]
[Source "David Tipper"]
[SourceDate "2025.02.16"]
[SourceVersion "1"]
[SourceVersionDate "2025.02.16"]
[SourceQuality "2"]

1. Nf3 d5 2. g3 Nf6 3. Bg2 e6 4. O-O Be7 5. d3 O-O 6. Nbd2 c5 7. e4 Nc6 8. e5 Nd7 9. Re1 Qc7 10. Qe2 b5 11. Nf1 Bb7 12. h4 a5 13. h5 Rfc8 14. h6 Nd4 15. Nxd4 cxd4 16. hxg7 Qxc2 17. Bh6 Qxe2 18. Rxe2 b4 19. Nh2 Ba6 20. Rd1 b3 21. axb3 Rab8 22. Nf3 Bc5 23. Bh3 Rxb3 24. Ng5 Rb6 25. f4 Be7 26. Nf3 Nc5 27. Rc2 Nb3 28. Rxc8+ Bxc8 29. g4 Rc6 30. Re1 Ba6 31. Bf1 Rc2 32. f5 Rxb2 33. f6 Bb4 34. Rd1 a4 35. Bc1 Rb1 36. Bd2 Rxd1 37. Bxb4 Bxd3 38. Be1 Be4 0-1

[Event "1st Bristol NY Open Tournament"]
[Site "Bristol Bridge & Clifton Chess"]
[Date "2024.12.30"]
[Round "6.8"]
[White "Roberts, Shane"]
[Black "Davis, Colin J"]
[Result "0-1"]
[WhiteElo "1806"]
[BlackElo "2063"]
[PlyCount "52"]
[GameId "2138255546687928"]
[EventDate "2024.12.27"]
[SourceTitle "Bristol_NY24_Fide_Open"]
[Source "David Tipper"]
[SourceDate "2025.02.16"]
[SourceVersion "1"]
[SourceVersionDate "2025.02.16"]
[SourceQuality "2"]

1. e4 d6 2. d4 Nf6 3. Nc3 g6 4. Nf3 Bg7 5. Be2 O-O 6. O-O a6 7. a4 Nc6 8. h3 e5 9. Bg5 exd4 10. Nxd4 Nxd4 11. Qxd4 Nxe4 12. Qxe4 Qxg5 13. Nd5 Bd7 14. f4 Qd8 15. a5 Re8 16. Qf3 c6 17. Nb6 Bd4+ 18. Kh1 Re3 19. Qf2 Rxh3+ 20. gxh3 Bxf2 21. Rxf2 Qh4 22. Rh2 Bf5 23. Nxa8 Be4+ 24. Kg1 Qg3+ 25. Kf1 Qxh2 26. Ra3 Qxf4+ 0-1

[Event "1st Bristol NY Open Tournament"]
[Site "Bristol Bridge & Clifton Chess"]
[Date "2024.12.30"]
[Round "6.9"]
[White "Acharya, Kandara"]
[Black "Norris, Zack"]
[Result "0-1"]
[WhiteElo "1753"]
[BlackElo "1887"]
[PlyCount "144"]
[GameId "2138255546687929"]
[EventDate "2024.12.27"]
[SourceTitle "Bristol_NY24_Fide_Open"]
[Source "David Tipper"]
[SourceDate "2025.02.16"]
[SourceVersion "1"]
[SourceVersionDate "2025.02.16"]
[SourceQuality "2"]

1. Nf3 Nf6 2. g3 g6 3. Bg2 Bg7 4. O-O O-O 5. c4 d6 6. d4 Nbd7 7. Nc3 a5 8. e4 e5 9. d5 Nc5 10. Ne1 Ne8 11. f4 f5 12. Nd3 Qd7 13. Nxc5 dxc5 14. Qe2 Nd6 15. Re1 Re8 16. Nb5 Nxb5 17. cxb5 Qd6 18. Qc4 b6 19. a4 Bb7 20. Bd2 Rad8 21. Rad1 fxe4 22. Bxe4 Bxd5 23. Qxd5+ Qxd5 24. Bxd5+ Rxd5 25. Bc3 Rxd1 26. Rxd1 exf4 27. Bxg7 Kxg7 28. Rd7+ Kh6 29. gxf4 Re4 30. Rxc7 Rxf4 31. Rc6 Rxa4 32. Rxb6 Rb4 33. Rb8 Rxb2 34. b6 c4 35. Rc8 Rxb6 36. Rxc4 Ra6 37. Ra4 Kg5 38. Kf2 h5 39. h4+ Kf5 40. Ke3 Re6+ 41. Kf3 Re5 42. Kg3 Ke6 43. Kf4 Rb5 44. Ke3 Rb4 45. Rxa5 Rxh4 46. Kf3 Kf6 47. Ra6+ Kg5 48. Ra5+ Kh6 49. Ra6 Rb4 50. Kg3 h4+ 51. Kh3 Kh5 52. Ra5+ g5 53. Rc5 Rb3+ 54. Kg2 Rg3+ 55. Kh2 Rf3 56. Kg2 Rf4 57. Kh3 Rd4 58. Ra5 Rd3+ 59. Kg2 h3+ 60. Kh2 Kh4 61. Ra4+ g4 62. Rb4 Re3 63. Ra4 Kg5 64. Rb4 Kf5 65. Rb5+ Re5 66. Rb4 Re2+ 67. Kg1 g3 68. Rb1 Kg4 69. Rb4+ Kf3 70. Rb3+ Re3 71. Rb1 g2 72. Ra1 Kg3 0-1

[Event "1st Bristol NY Open Tournament"]
[Site "Bristol Bridge & Clifton Chess"]
[Date "2024.12.30"]
[Round "6.10"]
[White "Kothari, Jai"]
[Black "Kumar, Yuvraj"]
[Result "1-0"]
[WhiteElo "1964"]
[BlackElo "1673"]
[PlyCount "83"]
[GameId "2138255546687930"]
[EventDate "2024.12.27"]
[SourceTitle "Bristol_NY24_Fide_Open"]
[Source "David Tipper"]
[SourceDate "2025.02.16"]
[SourceVersion "1"]
[SourceVersionDate "2025.02.16"]
[SourceQuality "2"]

1. e4 d5 2. exd5 Qxd5 3. Nf3 Bg4 4. Be2 Nc6 5. h3 Bxf3 6. Bxf3 Qe6+ 7. Qe2 Qxe2+ 8. Bxe2 O-O-O 9. c3 e5 10. d3 Bc5 11. Nd2 Nf6 12. b4 Be7 13. Nc4 a6 14. a4 Nd7 15. Rb1 f6 16. O-O h5 17. Ba3 b5 18. axb5 axb5 19. Ne3 Nb6 20. c4 Nd4 21. Bd1 c6 22. Bb2 g6 23. cxb5 Nxb5 24. Bf3 Nd5 25. Rfc1 Kb7 26. Nc4 Bxb4 27. Bxd5 Rxd5 28. Bxe5 fxe5 29. Rxb4 Rc8 30. Rb3 Rc7 31. Re1 Re7 32. f4 Kc7 33. fxe5 Nd4 34. Rb2 Ne6 35. Ra1 Rb5 36. Ra7+ Kd8 37. Ra8+ Kc7 38. Rxb5 cxb5 39. Nd6 Nd4 40. Ra7+ Kd8 41. Ra5 Nc6 42. Rxb5 1-0

[Event "1st Bristol NY Open Tournament"]
[Site "Bristol Bridge & Clifton Chess"]
[Date "2024.12.30"]
[Round "6.11"]
[White "Plotnikov, Dmytro"]
[Black "Pugh, Derek C"]
[Result "1/2-1/2"]
[WhiteElo "1712"]
[BlackElo "2033"]
[PlyCount "86"]
[GameId "2138255546687931"]
[EventDate "2024.12.27"]
[SourceTitle "Bristol_NY24_Fide_Open"]
[Source "David Tipper"]
[SourceDate "2025.02.16"]
[SourceVersion "1"]
[SourceVersionDate "2025.02.16"]
[SourceQuality "2"]

1. d4 Nc6 2. Bf4 d6 3. e4 g6 4. c3 Bg7 5. Nf3 Nf6 6. Nbd2 O-O 7. h3 Nd7 8. Bc4 e5 9. Bg5 Qe8 10. dxe5 Ncxe5 11. Nxe5 Nxe5 12. Be2 f5 13. O-O f4 14. f3 Be6 15. Bh4 g5 16. Bf2 h5 17. Bd4 Rd8 18. Rf2 Qg6 19. Qf1 Kh7 20. Re1 Rd7 21. Nc4 Rfd8 22. Nxe5 dxe5 23. Bc5 Bxa2 24. Ra1 Qc6 25. Bb5 Qxc5 26. Bxd7 Rxd7 27. Rxa2 Bf8 28. Kh1 Qb6 29. b4 Qe3 30. Rac2 c5 31. Rfe2 Qd3 32. Rcd2 Qxd2 33. Rxd2 Rxd2 34. Qc4 cxb4 35. Qf7+ Bg7 36. Qxh5+ Kg8 37. cxb4 Rd4 38. Qe8+ Kh7 39. Qe7 b5 40. Qc5 a6 41. Kh2 Kg8 42. Qc8+ Kf7 43. Qb7+ Kg8 1/2-1/2